| 000 | 00745nam a2200241 a 4500 | ||
|---|---|---|---|
| 001 | BRCA_5346 | ||
| 005 | 20190320205036.0 | ||
| 008 | 061210s1989----enkaf#####---#000-0#eng-# | ||
| 020 | _a085667365X | ||
| 041 | _aeng | ||
| 044 | _aenk | ||
| 050 | 4 |
_aN5208.5 _b.S68 1989 |
|
| 245 | 1 | 0 |
_aSotheby´s _bArt at Auction 1988-89 _ceditor Sally Liddell. |
| 260 |
_aInglaterra _bSotheby´s _c1989 |
||
| 300 |
_a464 p. _bil. (algunas a color) _c28 cm. |
||
| 500 | _aIncluye índice de nombres | ||
| 500 | _aDonación Dr. Héctor Rivero Borrell Vázquez | ||
| 650 | 1 | 4 |
_aSubastas _xColeccionistas y colecciones _910730 |
| 650 | 1 | 4 |
_aArte _xColeccionistas y colecciones _97445 |
| 700 | 1 |
_aLiddell, Sally _eEditor _913708 |
|
| 902 | _aDHR | ||
| 942 |
_2lcc _cB |
||
| 999 |
_c5040 _d5040 |
||